Planting rubber is aimed to develop community forestry at chup rubber plantation company, ការដាំកៅស៊ូក្រោមរូបភាពអភិវឌ្ឍន៍សហគមន៦ព្រៃឈើ នៅក្រុមហ៊ុនចំការកៅស៊ូជុប (Record no. 3181)

000 -LEADER
fixed length control field 00657nam a22001577a 4500
003 - CONTROL NUMBER IDENTIFIER
control field OSt
005 - DATE AND TIME OF LATEST TRANSACTION
control field 20151105152102.0
008 - FIXED-LENGTH DATA ELEMENTS--GENERAL INFORMATION
fixed length control field 151105b xxu||||| |||| 00| 0 eng d
040 ## - CATALOGING SOURCE
Transcribing agency RUA
082 ## - DEWEY DECIMAL CLASSIFICATION NUMBER
Classification number FOR OUN 1999 B126 Or.1
100 ## - MAIN ENTRY--PERSONAL NAME
9 (RLIN) 3410
Personal name OUN, POGNAKTHEARY.
245 ## - TITLE STATEMENT
Title Planting rubber is aimed to develop community forestry at chup rubber plantation company, ការដាំកៅស៊ូក្រោមរូបភាពអភិវឌ្ឍន៍សហគមន៦ព្រៃឈើ នៅក្រុមហ៊ុនចំការកៅស៊ូជុប
260 ## - PUBLICATION, DISTRIBUTION, ETC. (IMPRINT)
Place of publication, distribution, etc. Phnom Penh
Name of publisher, distributor, etc. RUA
Date of publication, distribution, etc. 1999
300 ## - PHYSICAL DESCRIPTION
Extent 79p.
Other physical details ill.
Dimensions 29cm.
942 ## - ADDED ENTRY ELEMENTS (KOHA)
Source of classification or shelving scheme
Koha item type FOR
Holdings
Price effective from Date last seen Permanent Location Not for loan Date acquired Source of classification or shelving scheme Koha item type Barcode Lost status Damaged status Shelving location Withdrawn status Current Location Full call number
2015-11-052015-11-05Library Block B 2015-11-05 FORRUA027614  B126 Library Block BFOR OUN 1999 B126 Or.1
2015-11-052015-11-05Library Block B 2015-11-05 FORRUA027525  B126 Library Block BFOR OUN 1999 B126 Or.2
2015-11-052015-11-05Library Block B 2015-11-05 FORRUA027531  B126 Library Block BFOR OUN 1999 B126 Or.3
2016-02-032016-02-03Library Block B 2016-02-03 FORRUA026713    Library Block BFOR OUN 1999 B126 Or.4
មជ្ឈមណ្ឌលឯការនៃសាកលវិទ្យាល័យភូមិន្ទកសិកម្មចំការដូង

Powered by Koha